Za Říši a Evropu národů! „Nová“ NPD jako vzor a partner české extrémní pravice
Tento príspevok sa zaoberá nadnárodnou spoluprácou českej a nemeckej extrémnej pravice. Príspevok sa zameriava na jedného z najvýznamnejších medzinárodných partnerov českej extrémnej pravice – nemeckú Nationaldemokratische Partei Deutschlands. Prijatím diskurzívneho analytického rámca Essex School s...
Saved in:
| Main Author: | |
|---|---|
| Format: | Book Chapter |
| Language: | Czech |
| Subjects: | |
| Tags: |
No Tags, Be the first to tag this record!
|
MARC
| LEADER | 00000naa a2200000 4500 | ||
|---|---|---|---|
| 001 | 0292127 | ||
| 005 | 20240417075233.8 | ||
| 041 | 0 | |a cze | |
| 044 | |a SK | ||
| 245 | 1 | 0 | |a Za Říši a Evropu národů! „Nová“ NPD jako vzor a partner české extrémní pravice |c Vendula Prokůpková |
| 520 | |a Tento príspevok sa zaoberá nadnárodnou spoluprácou českej a nemeckej extrémnej pravice. Príspevok sa zameriava na jedného z najvýznamnejších medzinárodných partnerov českej extrémnej pravice – nemeckú Nationaldemokratische Partei Deutschlands. Prijatím diskurzívneho analytického rámca Essex School sa autor zameriava na odhalenie diskurzívnych podmienok ako podmienok možností, v rámci ktorých sa za posledných 25 rokov postupne formovala spolupráca medzi NPD a českou extrémnou pravicou. | ||
| 610 | 2 | 0 | |a extrémizmus |
| 610 | 2 | 0 | |a Česko |
| 610 | 2 | 0 | |a Nemecko |
| 610 | 2 | 0 | |a spolupráca medzinárodná |
| 100 | 1 | |a Prokůpková, Vendula | |